[Event "Belgrade-chT"]
[Site "Belgrade"]
[Date "2007.??.??"]
[Round "1"]
[White "Cvetkovic, Srdjan"]
[Black "Pjevovic, Bojan"]
[Result "1/2-1/2"]
[WhiteElo "2380"]
[BlackElo "2310"]
[PlyCount "62"]
[EventDate "2007.10.??"]
[EventType "team-tourn"]
[EventRounds "9"]
[EventCountry "YUG"]
[SourceTitle "EXT 2010"]
[Source "ChessBase"]
[SourceDate "2010.11.25"]
[SourceVersion "1"]
[SourceVersionDate "2010.11.25"]
[SourceQuality "1"]

1. Nf3 Nf6 2. c4 b6 3. g3 Bb7 4. Bg2 e6 5. 0-0 Be7 6. Nc3 0-0 7. Re1 d5 8. cxd5 exd5 9. d4 Nbd7 10. Bf4 Ne4 11. Qb3 Ndf6 12. Rac1 c5 13. dxc5 Bxc5 14. Nxe4 dxe4 15. Ng5 Bd5 16. Qa4 e3 17. Bxe3 Bxe3 18. fxe3 Bxg2 19. Kxg2 Nd5 20. Qh4 h6 21. Nf3 Re8 22. Qxd8 Raxd8 23. Kf2 Nxe3 24. Rc7 Nd1+ 25. Kf1 Nxb2 26. Rxa7 Ra8 27. Rb7 Nc4 28. Ra1 Ne3+ 29. Kf2 Nc2 30. Rd1 Rxa2 31. Rd2 Nb4 1/2-1/2

[Event "Belgrade-chT"]
[Site "Belgrade"]
[Date "2005.10.09"]
[Round "9"]
[White "Govedarica, Radovan"]
[Black "Pjevovic, Bojan"]
[Result "1/2-1/2"]
[WhiteElo "2418"]
[BlackElo "2265"]
[PlyCount "46"]
[EventDate "2005.10.01"]
[EventType "team-tourn"]
[EventRounds "9"]
[EventCountry "YUG"]
[SourceTitle "CBM 108 Extra"]
[Source "ChessBase"]
[SourceDate "2005.11.04"]
[SourceVersion "1"]
[SourceVersionDate "2005.11.04"]
[SourceQuality "1"]

1. e4 c5 2. Nf3 d6 3. d4 cxd4 4. Nxd4 Nf6 5. Nc3 a6 6. Bg5 e6 7. Qf3 Nbd7 8. 0-0-0 Qc7 9. Qg3 Be7 10. Kb1 b5 11. f3 Bb7 12. Bxb5 axb5 13. Ndxb5 Qc5 14. Bxf6 gxf6 15. Nxd6+ Bxd6 16. Qxd6 Qxd6 17. Rxd6 0-0-0 18. Rhd1 Ne5 19. Rxd8+ Rxd8 20. Rxd8+ Kxd8 21. Nd1 h5 22. b3 Ng6 23. Ne3 Nh4 1/2-1/2

[Event "Belgrade tt Cup"]
[Site "Belgrade"]
[Date "2005.04.09"]
[Round "5"]
[White "Biocanin, Goran"]
[Black "Pjevovic, Bojan"]
[Result "1/2-1/2"]
[WhiteElo "2273"]
[BlackElo "2248"]
[PlyCount "94"]
[EventDate "2005.04.05"]
[EventType "team-tourn"]
[EventRounds "5"]
[EventCountry "YUG"]
[SourceTitle "CBM 105 Extra"]
[Source "ChessBase"]
[SourceDate "2005.05.01"]
[SourceVersion "1"]
[SourceVersionDate "2005.05.01"]
[SourceQuality "1"]

1. d4 Nf6 2. Nf3 e6 3. e3 d5 4. Bd3 c5 5. b3 Nc6 6. 0-0 Bd6 7. Bb2 0-0 8. Ne5 Qc7 9. f4 cxd4 10. exd4 Nb4 11. Nc3 Nxd3 12. cxd3 Qb6 13. Na4 Qb5 14. g4 Nd7 15. g5 f6 16. Ng4 fxg5 17. fxg5 Rxf1+ 18. Qxf1 Nb6 19. Nc5 Bxc5 20. dxc5 Qxc5+ 21. d4 Qe7 22. h4 e5 23. Nxe5 Be6 24. Qb5 Rf8 25. a4 Bd7 26. Qd3 Bf5 27. Qd2 Rc8 28. Ba3 Qe6 29. Rc1 Be4 30. Rxc8+ Nxc8 31. Qb4 h6 32. Qxb7 hxg5 33. hxg5 Qh3 34. Qf7+ Kh7 35. g6+ Kh6 36. Qf4+ Kh5 37. Qh2 Qxh2+ 38. Kxh2 Bxg6 39. a5 Bc2 40. Bf8 Bxb3 41. Kg3 Kg5 42. Nc6 Kf6 43. Bc5 Ba4 44. Nxa7 Nxa7 45. Bxa7 Kf5 46. Bb8 Bb5 47. Kf3 Ke6 1/2-1/2

[Event "Serbia-chT2"]
[Site "Belgrade"]
[Date "2003.09.29"]
[Round "3"]
[White "Pjevovic, Bojan"]
[Black "Djokic, Nenad"]
[Result "1-0"]
[WhiteElo "2232"]
[BlackElo "2289"]
[PlyCount "126"]
[EventDate "2003.09.27"]
[EventType "team"]
[EventRounds "9"]
[EventCountry "YUG"]
[SourceTitle "CBM 096 Extra"]
[Source "ChessBase"]
[SourceDate "2003.10.22"]
[SourceVersion "2"]
[SourceVersionDate "2003.10.20"]
[SourceQuality "1"]

1. e4 c5 2. d3 Nc6 3. Nf3 g6 4. g3 Bg7 5. Bg2 Nf6 6. 0-0 d5 7. Nbd2 0-0 8. Re1 b6 9. c3 dxe4 10. dxe4 Ng4 11. Nc4 Ba6 12. Bf1 Qxd1 13. Rxd1 Rad8 14. Bf4 Bb7 15. a4 Rxd1 16. Rxd1 Rd8 17. Rxd8+ Nxd8 18. Nfd2 Nf6 19. f3 Nd7 20. Na3 Be5 21. Bxe5 Nxe5 22. Kf2 Kf8 23. Ke3 f6 24. a5 Bc6 25. axb6 axb6 26. Ndc4 Nd7 27. Nd2 e6 28. Ba6 Ke7 29. Ndc4 Nb7 30. Bb5 Nd8 31. f4 Bxb5 32. Nxb5 Nc6 33. Nbd6 Na7 34. Nb7 e5 35. f5 g5 36. Kd3 h5 37. Ne3 b5 38. Nd5+ Kf7 39. Nd6+ Kf8 40. b3 Kg7 41. Nc7 b4 42. cxb4 cxb4 43. Kc4 Nc6 44. Ne6+ Kg8 45. Nb5 g4 46. Nbc7 h4 47. gxh4 Kh7 48. Nd5 Kh6 49. Nxb4 Na5+ 50. Kc3 Kh5 51. Nd5 Kxh4 52. b4 Nb7 53. Ne3 Nd6 54. Kd3 Kh3 55. Nc7 Kh4 56. Ncd5 Kh3 57. Nc3 Kh4 58. Ncd1 Nb6 59. Nf2 g3 60. Ng2+ Kh5 61. hxg3 Nbc4 62. Ne3 Nb6 63. Nfd1 Nd7 1-0

[Event "Serbia-chT2"]
[Site "Belgrade"]
[Date "2003.09.27"]
[Round "1"]
[White "Pjevovic, Bojan"]
[Black "Bosnic, Miroslav"]
[Result "1/2-1/2"]
[WhiteElo "2232"]
[BlackElo "2171"]
[PlyCount "112"]
[EventDate "2003.09.27"]
[EventType "team"]
[EventRounds "9"]
[EventCountry "YUG"]
[SourceTitle "CBM 096 Extra"]
[Source "ChessBase"]
[SourceDate "2003.10.22"]
[SourceVersion "2"]
[SourceVersionDate "2003.10.20"]
[SourceQuality "1"]

1. c4 c6 2. Nf3 d5 3. b3 Bf5 4. g3 e6 5. Bg2 Nf6 6. Bb2 Be7 7. 0-0 0-0 8. d3 Nbd7 9. Nbd2 Qa5 10. Re1 Ba3 11. Qc1 Bxb2 12. Qxb2 Rfd8 13. e4 dxe4 14. dxe4 Bg6 15. b4 Qc7 16. Rad1 c5 17. b5 Nb6 18. e5 Ne4 19. Nxe4 Rxd1 20. Rxd1 Bxe4 21. Qe2 Bg6 22. Nh4 Rd8 23. Bxb7 Rxd1+ 24. Qxd1 Nxc4 25. f4 Nb6 26. Bc6 c4 27. Qd4 Bd3 28. Nf3 h6 29. Kf2 Nd5 30. Bxd5 exd5 31. Qc3 Qb6+ 32. Nd4 Qg6 33. Qe1 Qb6 34. Ke3 Qc5 35. Qc3 Qc8 36. a4 Qh3 37. Qd2 Qf1 38. Nf3 Be4 39. Ne1 Qg1+ 40. Ke2 Qxh2+ 41. Kd1 Qxg3 42. Qb2 Qg4+ 43. Kd2 Qxf4+ 44. Kd1 Qg4+ 45. Kd2 Qg5+ 46. Ke2 Qg1 47. Qc3 Qh2+ 48. Kd1 Qa2 49. Qa5 Qa1+ 50. Ke2 Qd4 51. Qb4 Bf5 52. a5 Bg4+ 53. Kf1 Qf4+ 54. Kg2 Qe4+ 55. Kg3 Bc8 56. Nf3 Bb7 1/2-1/2